000 01174nac a22003257a 4500
001 BR7906468
003 BR-BrBNA
005 20240105114519.0
008 230509b bl.|||m| |||| 00| 0 por d
040 _aBR-BrBNA
_bpor
_cBiblioteca Nacional de Agricultura
072 _aE15; L00
090 _a5213 BR7906468
100 1 _aGrawunder, A.F.
100 1 _aMielitz Netto, C.G.A.
100 1 _aLauzer, E.A.
100 1 _aSouza, E. de M.
110 1 _aUniversidade Federal do Rio Grande do Sul, Porto Alegre (Brasil). Centro de Estudos e Pesquisas Economicas
245 1 _aCustos de producao e coeficientes insumo-produto de pecuaria de corte no Rio Grande do Sul [Brasil]
260 3 _aPorto Alegre, RS (Brasil):
_c1979.
300 _a38 p.
490 _aEstudos e Trabalhos Mimeografados - Universidade Federal do Rio Grande do Sul. Centro de Estudos e Pesquisas Economicas (Brazil)
_vno. 36
_x
500 _a7 tables; 35 ref.
650 _aGADO DE CORTE
650 _aCUSTO DE PRODUCAO
650 _aINSUMO
650 _aECONOMIA DA PRODUCAO
650 _aRIO GRANDE DO SUL
909 _a202312
_bLúcia Elande
_c55
_dLúcia Elande
942 _2AGRIS
_n0
_cMS
999 _c269779
_d269779